Santa Baby Christmas List Quiz Stats

 Plays Quiz Updated Feb 21, 2020

Support Sporcle.
Go Orange.
Score 0/8 Timer 02:00
3 Plays Today
Item % Correct
a ring
80.7%
'54 convertible
77.6%
a sable
65.5%
checks
52.6%
duplex
51%
deed to a platinum mine
50.1%
a yacht
48.5%
decorations bought at Tiffany
38.3%

You're not logged in!

Compare scores with friends on all Sporcle quizzes.
OR
Log In

From the Vault

Alliterative TV Shows

by Qaqaq

We think these splendid shows deserve rad ratings.
Remove Ads.
Support Sporcle.
Get the best of Sporcle when you Go Orange. This ad-free experience offers more features, more stats, and more fun while also helping to support Sporcle. Thank you for becoming a member.

Show Comments

Extras

Top Quizzes Today


Score Distribution

Your Account Isn't Verified!

In order to create a playlist on Sporcle, you need to verify the email address you used during registration. Go to your Sporcle Settings to finish the process.

Report this User

Report this user for behavior that violates our Community Guidelines.

Details: